01576nam a22001577a 4500999001900000008004100019100005100060245011500111260002800226300003600254520096900290773002801259906001301287942000701300952011101307 c526167d526167240514b ||||| |||| 00| 0 eng d aBansal, Hansal and Mishra, Swati Dubey 952354 aAssessing the applicability and significance of handwriting analysis in Indian legal cases: A critical review  aIndian Police Journal  a69(4), Oct-Dec, 2024: p.138-147 aHandwriting analysis is essential to forensic document examination since it provides crucial information about authorship and evidence in various Indian legal issues. Handwriting analysis has been used as a crucial forensic tool to establish authorship, confirm signatures, or connect suspects to crime locations. However, there have been concerns and disagreements regarding the accuracy and dependability of handwriting analysis as admissible evidence in Indian courts. This study thoroughly analyzes the conclusions about handwriting analysis in Indian legal processes. The main objective is to assess handwriting analysis’s applicability, dependability, and significance in the Indian legal system. This work aims to improve our comprehension of the function and limitations of handwriting analysis in Indian courts by carefully reviewing significant rulings and their implications. – Reproduced https://bprd.nic.in/uploads/pdf/October-December_2022.pdf  aIndian Police Journal  aPOLICING cAR 00102ddc40709401239aIIPAbIIPAd2024-05-14h69(4), Oct-Dec, 2024: p.138-147pAR131915r2024-05-14yAR